| Tag |
First Indicator |
Second Indicator |
Subfields |
| LEADER |
00000cam a2200000 a 4500 |
| 001 |
in00000099172 |
| 005 |
20150924160003.0 |
| 008 |
810708s1981 dcu 00000 eng d |
| 020 |
|
|
|a 0897880382
|
| 035 |
|
|
|a (OCoLC)07565257
|
| 035 |
|
|
|9 AAL0046AM
|
| 040 |
|
|
|a ONS
|c ONS
|d TXA
|d UtOrBLW
|
| 043 |
|
|
|a n-us---
|
| 049 |
|
|
|a TXAM
|c [444412]
|
| 090 |
|
|
|a KF1682.Z95
|b N48 1981
|
| 245 |
0 |
0 |
|a New initiatives in farm, land and food legislation :
|b a state by state guide, 1979-1980.
|
| 264 |
|
1 |
|a Washington, D.C. :
|b The Agriculture Project, Conference on Alternative State and Local Policies,
|c [1981?]
|
| 300 |
|
|
|a i, 59 pages ;
|c 28 cm.
|
| 336 |
|
|
|a text
|b txt
|2 rdacontent
|
| 337 |
|
|
|a unmediated
|b n
|2 rdamedia
|
| 338 |
|
|
|a volume
|b nc
|2 rdacarrier
|
| 650 |
|
0 |
|a Agricultural laws and legislation
|z United States
|x States.
|
| 650 |
|
0 |
|a Family farms
|z United States
|x States.
|
| 650 |
|
0 |
|a Food law and legislation
|z United States
|x States.
|
| 710 |
2 |
|
|a Conference on Alternative State and Local Policies (U.S.).
|b Agriculture Project.
|
| 999 |
|
|
|a MARS
|
| 999 |
f |
f |
|s a47cdbfb-5355-31c1-8ea5-018558a10a9f
|i 23d8a6e2-a367-3932-9086-b8c653d41c85
|t 0
|
| 952 |
f |
f |
|p ric
|a Texas A&M University
|b Rellis Campus
|c Joint Library Facility
|d Remote Storage
|t 0
|e KF1682.Z95 N48 1981
|h Library of Congress classification
|i unmediated -- volume
|m A14806294604
|
| 998 |
f |
f |
|a KF1682.Z95 N48 1981
|t 0
|l Remote Storage
|